000 01057cam a2200349 4500
001 B1607
008 090401t1987 xxu||||| |||| 00| 0 eng d
035 _a(Sirsi) u45421
041 _aeng
050 _a333.33023
090 _aRICS 1987/49AC
110 _aRoyal Institution of Chartered Surveyors
_94900
245 _aGP`87: The state of the art. Conference at Holiday Inn, Bristol 19-21 November 1987
260 _c1987
300 _a8 papers
350 _a0
520 _aPapers by Cairns,A.R. , Carter,G.H.B. , Edmonds,D.A.V. , Fogel,S.A. , Parker,D.- , Pridell,A.J. , Robinson,D. Walker,A.S. .
650 _aAUDIT COMMISSION
650 _aBUSINESS TENANCIES
650 _aABOUT RICS-RICS MEMBERS
650 _aCOST CENTRE ACCOUNTING
650 _aFINANCIAL SERVICES
650 _aGAZUMPING
650 _aGIS
650 _aINCORPORATION
650 _aLAND INFORMATION SYSTEMS
650 _aLOCAL AUTHORITIES
650 _aProperty management
_96262
650 _aREPAIRING COVENANTS
942 _n0
948 _c04/03/1997
999 _c91711
_d91711